Central Library OPAC University of Rajshahi

New law for a new world? / (Record no. 5117)

MARC details
000 -LEADER
fixed length control field 00837cam a2200289 a 4500
001 - CONTROL NUMBER
control field 5117
003 - CONTROL NUMBER IDENTIFIER
rucl marc code BD-RJUL
005 - DATE AND TIME OF LATEST TRANSACTION
control field 20211208234019.0
008 - FIXED-LENGTH DATA ELEMENTS--GENERAL INFORMATION
fixed length control field 131224s1965 enk 000 0 eng
035 ## - SYSTEM CONTROL NUMBER
System control number (BD-RJUL)5153
040 ## - CATALOGING SOURCE
Original cataloging agency DLC
Transcribing agency FUB
Modifying agency SLU
-- UKM
-- EQO
Language of cataloging eng
041 ## - LANGUAGE CODE
Language code of text/sound track or separate title eng
082 #0 - DEWEY DECIMAL CLASSIFICATION NUMBER
Classification number 340.01
Author mark and year TAN 1965
090 ## - LOCALLY ASSIGNED LC-TYPE CALL NUMBER (OCLC); LOCAL CALL NUMBER (OCLC)
Classification number (OCLC) (R) ; Classification number, CALL (RLIN) (NR) KD358
Local cutter number (OCLC) ; Book number/undivided call number, CALL (RLIN) .T3 1965
100 1# - MAIN ENTRY--PERSONAL NAME
Personal name Tangley, Edwin Savory Herbert,
Dates associated with a name 1899-
9 (RLIN) 16114
245 10 - TITLE STATEMENT
Title New law for a new world? /
Statement of responsibility, etc. Lord Tangley.
260 ## - PUBLICATION, DISTRIBUTION, ETC. (IMPRINT)
Place of publication, distribution, etc. London :
Name of publisher, distributor, etc. Stevens,
Date of publication, distribution, etc. 1965.
300 ## - PHYSICAL DESCRIPTION
Pagination viii, 97 p. ;
Size 19 cm.
500 ## - GENERAL NOTE
General note "Published under the auspices of the Hamlyn Trust."
526 ## - STUDY PROGRAM INFORMATION NOTE
Requested Dept. LAW
650 #0 - SUBJECT ADDED ENTRY--TOPICAL TERM
Topical term or geographic name as entry element Law reform
Geographic subdivision Great Britain.
9 (RLIN) 13295
710 2# - ADDED ENTRY--CORPORATE NAME
Corporate name or jurisdiction name as entry element Hamlyn Trust.
9 (RLIN) 16116
830 #0 - SERIES ADDED ENTRY--UNIFORM TITLE
Volume number/sequential designation 17th series
830 #0 - SERIES ADDED ENTRY--UNIFORM TITLE
Uniform title Hamlyn lectures ;
942 ## - ADDED ENTRY ELEMENTS (KOHA)
Source of classification or shelving scheme Dewey Decimal Classification
Koha item type Books
Holdings
Lost status Source of classification or shelving scheme Damaged status Not for loan Collection code Permanent Location Current Location Shelving location Date acquired Source of acquisition Cost, normal purchase price Total Checkouts Full call number Date last seen Copy number Koha item type
  Dewey Decimal Classification     Non-fiction Central Library, University of Rajshahi Central Library, University of Rajshahi   10/08/1971 Zeitlinger 27.60   340.01 TAN 1965 24/12/2013 C-2 Books